| 000 | 01679nam0a2200385 4500 | ||
|---|---|---|---|
| 001 | RU\NLR\BIBL_A\022294087 | ||
| 005 | 20260420013225.0 | ||
| 010 |
_a978-5-17-137197-5 _92000 |
||
| 021 |
_aRU _bКН-П-24-037100 _9КН-П-24-3718 |
||
| 035 | _a(NLR Aleph) 022294087 | ||
| 090 |
_a13662414 _c13662414 |
||
| 100 | _a20240808d2024 c y0rusy50 ca | ||
| 101 | 0 | _arus | |
| 102 | _aRU | ||
| 105 | _aa|||z|||000ay | ||
| 181 | 0 |
_ai3 _baxxe |
|
| 181 | 0 |
_ab1 _bbb2e |
|
| 182 | 0 | _an | |
| 200 | 1 |
_aШуршастики _iПриключения в Чуландии _e[для младшего и среднего школьного возраста] _fНадежда Чубарова _gиллюстрации: Катерина Петрушина |
|
| 203 |
_aТекст _aИзображение _bвизуальные _cнепосредственные |
||
| 210 |
_aМосква _cАСТ, Астрель-СПб _d2024 |
||
| 215 |
_a311, [7] с. _cил. _d20 |
||
| 225 | 1 | _aСерия "Волшебная палочка" | |
| 327 | 1 | _aСодерж.: Кн. 1: Шуршастики против топчунов; Кн. 2: Кишмиш, или Шуршастая жизнь топтуна | |
| 333 | _a6+ | ||
| 686 | 0 | _aШ9(2)60=Р7-2 | |
| 686 | 0 | _aШ9(2)62=Р7-2 | |
| 700 | 1 |
_aЧубарова _bН. А. _gНадежда Александровна |
|
| 702 | 1 |
_4040 _7ca _8rus _aПетрушина _bЕ. _cхудожник-иллюстратор _f1979- _gЕкатерина _9232733 _3RU\NLR\AUTH\770232789 |
|
| 942 | _cBOOK | ||
| 980 | _aNB | ||